000 00350nam a2200133Ia 4500
008 151001s9999||||xx |||||||||||||| ||und||
100 _aकांता सिन्हा
245 _aसुप्रभात
250 _a1
260 _bइंडियन प्रेस लि
260 _c2007
300 _a96
365 _b21
999 _c992574
_d992571